Chemický experiment v environmentálnom vzdelávaní

Bibliographic Details
Main Authors: Lichvárová, Mária, 1958- (Author), Ružička, Ivan, 1934- (Author), Tomeček, Otto, 1934-2004 (Author), Melicherčík, Milan, 1948-2015 (Author), Obendrauf, Viktor (Author), Becker, Ralf (Author), Ganajová, Mária, 1960- (Author)
Format: Book
Language:Slovak
PhysicalDescription:49 s. ilustr., sch. 30 cm
Published: Banská Bystrica Univerzita Mateja Bela 2001
ISBN:8080555133
Subjects:

MARC

LEADER 00000cam a2200000 a 4500
001 vtls001424299
003 SK-MaSNL
005 20260301202541.0
008 160308s2001 xo a r 00000 slo
015 |a SNBA2002/03-01189 
020 |a 8080555133 
035 |a SNK000379179 
040 |a SNK  |b slo  |c SNK  |e AACR2 
041 0 |a slo 
044 |a xo  |c SK 
080 |a 372.854.2:504  |2 1981 
245 0 0 |a Chemický experiment v environmentálnom vzdelávaní  |c Mária Lichvárová ... [et al.] 
260 |a Banská Bystrica  |b Univerzita Mateja Bela  |c 2001 
300 |a 49 s.  |b ilustr., sch.  |c 30 cm 
500 |a Obalový názov 
500 |a 60 výt. 
504 |a Bibliogr. s. 51 
650 0 7 |a chémia  |2 SNKPH  |9 749 
650 0 7 |a environmentálna výchova a vzdelávanie  |2 SNKPH  |9 67556 
650 0 7 |a školské pokusy  |2 SNKPH  |9 67841 
655 7 |a príručky  |2 SNK  |9 74364 
700 1 |a Lichvárová, Mária,  |d 1958-  |4 aut  |9 193920 
700 1 |a Ružička, Ivan,  |d 1934-  |4 aut  |9 39329 
700 1 |a Tomeček, Otto,  |d 1934-2004  |4 aut  |9 253856 
700 1 |a Melicherčík, Milan,  |d 1948-2015  |4 aut  |9 222541 
700 1 |a Obendrauf, Viktor  |4 aut  |9 46038 
700 1 |a Becker, Ralf  |4 aut  |9 584741 
700 1 |a Ganajová, Mária,  |d 1960-  |4 aut  |9 206279 
919 |a 80-8055-513-3 
958 |a TL 
958 |a NB 
958 |a OND 
999 |c 899243  |d 901173 
952 |t P60, <03>, [BOOK], {603}  |a SNK  |b SNK  |y PREZ  |7 0  |p 17A0324092  |o snkSB 64153  |i snkKSP 13245/2001  |0 0  |1 0  |4 0  |d 2001-11-22  |l 0  |r 2025-04-17 00:00:00  |w 2026-02-24 
952 |t P60, <04>, [BOOK], {604}  |a SNK  |b SNK  |y VYP  |7 0  |p 17A0324093  |o snkSB 64153 D1  |i snkKSP 13246/2001  |0 0  |1 0  |4 0  |d 2001-11-22  |l 0  |r 2005-01-02 00:00:00  |w 2026-02-24